Countries visited by IShowSpeed - Statistics

General Stats
  • This quiz has been taken 113 times
    31 since last reset
  • The average score is 57 of 80
Answers on the Map
Answers color-coded by a green-red scale on the quiz's map according to % correct below.
 
Answer Stats
Answer % Correct
Portugal
96%
Brazil
92%
France
92%
Spain
92%
United Kingdom
92%
United States
92%
Argentina
88%
China
88%
India
88%
Australia
85%
Finland
85%
Germany
85%
Greece
85%
Italy
85%
Japan
85%
Norway
85%
South Africa
85%
Bolivia
81%
Chile
81%
Lithuania
81%
Netherlands
81%
Peru
81%
Poland
81%
Saudi Arabia
81%
South Korea
81%
Sweden
81%
Thailand
81%
Turkey
81%
Uruguay
81%
Denmark
77%
Egypt
77%
Estonia
77%
Indonesia
77%
Morocco
77%
Vietnam
77%
Algeria
73%
Colombia
73%
Ecuador
73%
Ghana
73%
Latvia
73%
Nigeria
73%
Switzerland
73%
Albania
69%
Austria
69%
Belgium
69%
Mongolia
69%
New Zealand
69%
Paraguay
69%
Philippines
69%
Bosnia and Herzegovina
65%
Cambodia
65%
Czechia
65%
Malaysia
65%
Qatar
65%
Romania
65%
Slovakia
65%
United Arab Emirates
65%
Angola
62%
Bulgaria
62%
Croatia
62%
Ethiopia
62%
Hungary
62%
Panama
62%
Serbia
62%
Slovenia
62%
Zambia
62%
Senegal
58%
Zimbabwe
58%
Botswana
54%
Kenya
54%
Singapore
54%
Guatemala
50%
Ivory Coast
50%
Liberia
46%
Namibia
46%
Mozambique
42%
Rwanda
38%
Benin
35%
Eswatini
31%
Monaco
31%
No matching quizzes found
Score Distribution
Percent of People with Each Score
Percentile by Number Answered
Your Score History
You have not taken this quiz since the last reset